000 00290nam a22001217a 4500
008 180517b xxu||||| |||| 00| 0 eng d
041 _aeng
080 _a043.3
100 _a0
101 _aMBE-BA
245 _aDiferencat Kryesore ne mes te US GAAP dhe IFRS
_cMerovci, Q
942 _2udc
_cBK
999 _c45906
_d45906